| 000 | 00523nam a22001697a 4500 | ||
|---|---|---|---|
| 005 | 20241108143251.0 | ||
| 008 | 241108b |||||||| |||| 00| 0 eng d | ||
| 020 | _a9781292025773 | ||
| 050 |
_aQA76.76 _b.O63 .T359 |
||
| 100 | _aTanenbaum, Andrew S. | ||
| 245 |
_aModern Operating Systems/ _bPearson New International Edition _cAndrew S. Tanenbaum |
||
| 250 | _a3rd Ed. | ||
| 260 |
_aHarlow _bPearson Education Limited _c2014 |
||
| 300 |
_ai.1038p. _bill. _c27.5cm |
||
| 650 | _2Operating Systems | ||
| 942 |
_2lcc _cBK _e3rd Ed. _n0 |
||
| 999 |
_c888 _d888 |
||